Statistics for Biggest Mediterranean Islands

Click here to take the quiz!

General Stats

  • This quiz has been taken 49,391 times
  • The average score is 8 of 20

Answer Stats

AreaCountryIsland% Correct
25,460 km2ItalySicily
94%
9,251 km2------Cyprus
85%
8,681 km2FranceCorsica
83%
8,312 km2GreeceCrete
83%
23,813 km2ItalySardinia
81%
3,640 km2SpainMajorca
67%
577 km2SpainIbiza
58%
694 km2SpainMinorca
52%
1,398 km2GreeceRhodes
48%
1,630 km2GreeceLesbos
42%
592 km2GreeceCorfu
34%
406 km2GreeceZakynthos
16%
781 km2GreeceKefalonia
14%
428 km2GreeceNaxos
14%
3,655 km2GreeceEuboea
13%
523 km2TunisiaDjerba
12%
476 km2GreeceSamos
12%
842 km2GreeceChios
10%
476 km2GreeceLemnos
9%
406 km2CroatiaCres
8%

Score Distribution

Percentile by Number Answered

Percent of People with Each Score

Your Score History

You have not taken this quiz